LEADER 01613nam a2200337 a 4500 001 000000173634 003 CaOOAMICUS 005 20200707150416.0 008 200707s2018 nyuda u000 u eng r 032 $aLibriCat 040 $aPUL$bita 082 04$a338.9 110 2 $aUnited Nations Conference on Trade and Development (UNCTAD).$0(OLS)http://pul/name/111492 245 10$aEntrepreneurship for structural transformation : $bbeyond business as usual /$cUnited Nations conference on trade and development. 246 0 $aThe least developed countries report 2018 260 $aNew York and Geneva :$bUnited Nations,$c2018. 300 $axiii, xiii, 159 p. :$bgrafici, ill. ;$c29 cm. 650 4$aEconomia mondiale.$0(OLS)http://pul/subject/19449 650 4$aSviluppo economico.$0(OLS)http://pul/subject/9440 710 2 $aUnited Nations.$0(OLS)http://pul/name/49141 850 $aPUL 852 $aPUL$W1$xSL Diritto e Scienze Sociali 3$y79$m338. 9 UNCTA 2$j197626$qDDC 21$B202416$CPULBib$Z2$F202416 $H133751 $82 910 $aOrganizzazione delle Nazioni Unite$949141 910 $aUnited Nations Organisation$949141 910 $aNazioni Unite$949141 910 $aONU$949141 996 $6082$a338.9$9(OLS)http://pul/classification/697 996 $6245$aEntrepreneurship for structural transformation : $bbeyond business as usual$9(OLS)http://pul/title/214812 996 $6246$aThe least developed countries report 2018$9(OLS)http://pul/title/214813 996 $6260$aNew York and Geneva :$bUnited Nations$9(OLS)http://pul/publisher/87080 LEADER 01055nam a2200253 a 4500 001 000000118809 003 CaOOAMICUS 005 20091216092638.0 008 091216t2009 it acf u000 u ita r 020 $a978-88-8422-866-6 040 $aPUL$bita$dReb 100 1 $aPicardi, Nicola,$d1934-$0(OLS)http://pul/name/36115 245 13$aLo Stato Vaticano e la sua giustizia /$cNicola Picardi. 260 $aBari :$bCacucci,$cİ2009. 300 $a189 p. :$britr., ill. ;$c22 cm. 504 $aBibliografia in nota 650 4$aQuestione romana.$0(OLS)http://pul/subject/3096 651 4$aVaticano$xPolitica e governo.$0(OLS)http://pul/subject/14430 850 $aPUL 852 $aPUL$W1$xSL Diritto e Scienze Sociali 3$y79$m322. 1 PICNI 1$j136359$qDDC 21$B135326$CPULBib$Z2$F135326 $H112086 $82 941 1 $a9 996 $6020$a978-88-8422-866-6$9(OLS)http://pul/number/142804 996 $6245$aLo Stato Vaticano e la sua giustizia$9(OLS)http://pul/title/149542 996 $6260$aBari :$bCacucci$9(OLS)http://pul/publisher/60235